000 00444nam a2200181Ia 4500
001 14770
005 20260306164938.0
008 260306t2010||||xx |||||||||||||| ||spa||
041 _aESP
082 _a519.2
_bM42I
100 _aMendenhall, William
_eAUT
245 0 _aIntroducción a la probabilidad y estadística
260 _c2010
300 _a000 páginas :
_c00 cm.
650 _aGEN
654 _aCMA
942 _cLIB
_dJUS
_fJUS
_2ddc
_n
999 _c14770
_d14770